Pixelated Cartoon Characters Quiz Stats

 Plays Quiz Updated Jan 16, 2019

Also try: Famous Fuzzy Faces
Challenge
Share
Tweet
Score 0/15 Timer 03:00
5 Plays Today
% Correct
Scooby-doo
96.5%
Mickey Mouse
95.8%
Daffy Duck
92.2%
SpongeBob SquarePants
90.9%
Fred Flintstone
90.7%
Bugs Bunny
85.1%
Homer Simpson
84.4%
Stewie Griffin
84.2%
% Correct
Eric Cartman
81.9%
Charlie Brown
81.1%
Porky Pig
76.7%
Yogi Bear
76.2%
Popeye
69.8%
Tommy Pickles
52.4%
Tigger
38.9%

You're not logged in!

Compare scores with friends on all Sporcle quizzes.
OR
Log In

You Might Also Like...

Show Comments

Extras

Top Quizzes Today


Score Distribution

Your Account Isn't Verified!

In order to create a playlist on Sporcle, you need to verify the email address you used during registration. Go to your Sporcle Settings to finish the process.

Report this User

Report this user for behavior that violates our Community Guidelines.

Details: